000 00786nam a2200217 a 4500
001 84970
003 BD-RjUL
005 20250521122803.0
008 250521s1956 ii ||||| |||| 00| 0 ben d
035 _a(BD-RjUL)84970
040 _aBD-RjUL
_beng
_cBD-RjUL
041 _aben
082 _223
_a891.4409
_bDAS 1956
100 _aদেবী, অনুরুপা
_915633
245 _aসাহিত্য ও সমাজ /
_cঅনুরুপা দেবী
260 _aকলিকাতা :
_bমিত্র ও ঘোস,
_c[১৯৫৬?]
300 _a৭৭ পৃ.;
_c২৪ সেমি.
650 _aবাংলা সাহিত্য
_xইতিহাস ও সমালোচনা
650 _aBengali Literature
_xHistory and Criticism
942 _2ddc
_cBK
999 _c84970
_d84970